The revelation rediscovered;: an extract from The stairway to our Creator and Father

Saved in:  
Bibliographic Details
Main Author: Clarke, John Caldwell Calhoun (Author)
Corporate Author: Princeton Theological Seminary. MitwirkendeR (Contributor)
Format: Electronic Book
Language:English
Check availability: HBZ Gateway
Interlibrary Loan:Interlibrary Loan for the Fachinformationsdienste (Specialized Information Services in Germany)
Published: Upper Alton Ills., G. P. Clarke 1904
In:Year: 1904
Further subjects:B Revelation
B Bible
B Bible Prophecies
Online Access: Volltext (kostenfrei)
Sammlungen:

MARC

LEADER 00000cam a22000002c 4500
001 1894127080
003 DE-627
005 20241216054934.0
007 cr uuu---uuuuu
008 240704s1904 xx |||||o 00| ||eng c
035 |a (DE-627)1894127080 
035 |a (DE-599)KXP1894127080 
035 |a (PRTC)revelationredisc00clar 
040 |a DE-627  |b ger  |c DE-627  |e rda 
041 |a eng 
050 0 |a BS 647 
084 |a 1  |2 ssgn 
100 1 |a Clarke, John Caldwell Calhoun  |e VerfasserIn  |4 aut 
245 1 4 |a The revelation rediscovered;  |b an extract from The stairway to our Creator and Father 
264 1 |a Upper Alton  |b Ills., G. P. Clarke  |c 1904 
300 |a 1 Online-Ressource ([79] p.) 
336 |a Text  |b txt  |2 rdacontent 
337 |a Computermedien  |b c  |2 rdamedia 
338 |a Online-Ressource  |b cr  |2 rdacarrier 
630 2 0 |a Bible  |x Prophecies 
650 0 |a Revelation 
655 0 |a Bible 
710 2 |a Princeton Theological Seminary  |e MitwirkendeR  |4 ctb 
856 4 0 |u https://commons.ptsem.edu/id/revelationredisc00clar  |m X:PRTC  |x Digitalisierung  |z kostenfrei  |7 0 
935 |a PRTC  |a mteo 
951 |a BO 
ELC |a 1 
LOK |0 000 xxxxxcx a22 zn 4500 
LOK |0 001 4547006075 
LOK |0 003 DE-627 
LOK |0 004 1894127080 
LOK |0 005 20240704180411 
LOK |0 008 240704||||||||||||||||ger||||||| 
LOK |0 035   |a (DE-Tue135)revelationredisc00clar 
LOK |0 040   |a DE-Tue135  |c DE-627  |d DE-Tue135 
LOK |0 092   |o n 
LOK |0 689   |a f  |a Book 
LOK |0 852   |a DE-Tue135 
LOK |0 852 1  |9 00 
LOK |0 866   |x SPQUE#Theological Commons Princeton 
LOK |0 935   |a PRTC 
LOK |0 939   |a 04-07-24  |b l01 
OAS |a 1 
ORI |a SA-MARC-ixtheoa001.raw